000 00349nam a22001337a 4500
999 _c514877
_d514877
008 201225b ||||| |||| 00| 0 eng d
100 _aRamesh, Madhuri.
_921915
245 _aThe coast is Un-clear
260 _aIIC Quarrerly
300 _a46(3&4), Spring, 2020: p.153-165
773 _aIIC Quarrerly
906 _aCLIMATE CHANGE
942 _cAR